Visualizzazione normale
Vista MARC
- Nombres geográficos
di Topical Term
Records bibliografici associati: 2
001 - CONTROL NUMBER
- control field: 13347
003 - CONTROL NUMBER IDENTIFIER
- control field: IT-RoINE
005 - DATE AND TIME OF LATEST TRANSACTION
- control field: 20141023144738.0
008 - FIXED-LENGTH DATA ELEMENTS
- fixed length control field: 141023|| aca||aabn | a|a d
040 ## - CATALOGING SOURCE
- Original cataloging agency: IT-RoINE
- Transcribing agency: IT-RoINE
150 ## - HEADING--TOPICAL TERM
- Topical term or geographic name as entry element: Nombres geográficos
- Geographic subdivision: España
- Geographic subdivision: Murcia
670 ## - SOURCE DATA FOUND
- Source citation: Work cat.: (IT-RoINE)0: González Blanco, Antonino, 1936- 13346, Repertorio alfabético de la toponimia de la región de Murcia /, 1998.